I spy an egg in a nest / (Record no. 3905)
[ view plain ]
| 000 -LEADER | |
|---|---|
| fixed length control field | 00997cam a2200313 a 4500 |
| 005 - DATE AND TIME OF LATEST TRANSACTION | |
| control field | 20240711090612.0 |
| 020 ## - INTERNATIONAL STANDARD BOOK NUMBER | |
| International Standard Book Number | 9780545220934 (pbk.) |
| 040 ## - CATALOGING SOURCE | |
| Original cataloging agency | DLC |
| Transcribing agency | DLC |
| Modifying agency | IG# |
| -- | WI9WB |
| -- | PZT |
| -- | DLC |
| Language of cataloging | eng |
| 050 00 - LIBRARY OF CONGRESS CALL NUMBER | |
| Classification number | GV1507.P47 |
| Item number | 2011 |
| 082 00 - DEWEY DECIMAL CLASSIFICATION NUMBER | |
| Classification number | 793.73 |
| 100 1# - MAIN ENTRY--PERSONAL NAME | |
| Personal name | Marzollo, Jean |
| 245 10 - TITLE STATEMENT | |
| Title | I spy an egg in a nest / |
| Statement of responsibility, etc. | riddles by Jean Marzollo ; photographs by Walter Wick |
| 246 30 - VARYING FORM OF TITLE | |
| Title proper/short title | Egg in a nest |
| 250 ## - EDITION STATEMENT | |
| Edition statement | First printing , January 2011 |
| 260 ## - PUBLICATION, DISTRIBUTION, ETC. | |
| Place of publication, distribution, etc. | New York : |
| Name of publisher, distributor, etc. | Scholastic, |
| Date of publication, distribution, etc. | 2011 |
| 300 ## - PHYSICAL DESCRIPTION | |
| Extent | 29 unnumbered pages : |
| Other physical details | color illustrations ; |
| Dimensions | 23 cm. |
| 490 ## - SERIES STATEMENT | |
| Series statement | Scholastic reader |
| Volume/sequential designation | Level 1 |
| 490 ## - SERIES STATEMENT | |
| Series statement | I Spy |
| 505 ## - FORMATTED CONTENTS NOTE | |
| Formatted contents note | G <br/> |
| 520 ## - SUMMARY, ETC. | |
| Summary, etc. | Find objects in picture puzzles. |
| 521 2# - TARGET AUDIENCE NOTE | |
| Target audience note | 380 <br/> |
| Source | Lexile estimate <br/> |
| 521 8# - TARGET AUDIENCE NOTE | |
| Target audience note | G <br/> |
| Source | Raz-PLus <br/> |
| 650 #0 - SUBJECT ADDED ENTRY--TOPICAL TERM | |
| Topical term or geographic name entry element | Picture puzzles |
| Form subdivision | Juvenile literature. |
| 650 #1 - SUBJECT ADDED ENTRY--TOPICAL TERM | |
| Topical term or geographic name entry element | Picture puzzles. |
| 700 1# - ADDED ENTRY--PERSONAL NAME | |
| Personal name | Wick, Walter |
| Dates associated with a name | 1953- |
| Relator term | illustrator |
| 906 ## - LOCAL DATA ELEMENT F, LDF (RLIN) | |
| a | 7 |
| b | cbc |
| c | orignew |
| d | 1 |
| e | ecip |
| f | 20 |
| g | y-gencatlg |
| 942 ## - ADDED ENTRY ELEMENTS (KOHA) | |
| Source of classification or shelving scheme | Dewey Decimal Classification |
| Koha item type | Books |
| Suppress in OPAC | No |
| 999 ## - | |
| -- | 3905 |
| -- | 3905 |
| Withdrawn status | Lost status | Source of classification or shelving scheme | Damaged status | Not for loan | Collection | Home library | Current library | Shelving location | Date acquired | Total Checkouts | Full call number | Barcode | Date last seen | Copy number | Price effective from | Koha item type | Date last checked out |
|---|---|---|---|---|---|---|---|---|---|---|---|---|---|---|---|---|---|
| Dewey Decimal Classification | Non-Fiction | Footprints International School Library Network Toul Kork Campus | Footprints International School Library Network Toul Kork Campus | 05/22/2024 | MAR 793.73 GV1507.P47 | FIS02198 | 05/22/2024 | 1 | 05/22/2024 | Books | |||||||
| Dewey Decimal Classification | Non-Fiction | Footprints International School Library Network Toul Kork Campus | Footprints International School Library Network Toul Kork Campus | TK Primary Library Room(4th Floor), Bookcase 1&2, Shelves 1-16, Dark Blue Books | 07/11/2024 | 1 | MAR 793.73 GV1507.P47 | FISTK00748 | 02/27/2025 | 2 | 07/11/2024 | Books | 08/08/2024 |
